Manual del ingeniero químico.

Bibliographic Details
Main Authors: Perry, Robert H, Chilton, Cecil H.
Format: Section = Libro
Language:Undetermined
Spanish
Published: México McGraw-Hill 1982
Edition:5a.ed.
Subjects:
LEADER 00636nam a2200229Ia 4500
008 241007s9999||||xx |||||||||||||| ||und||
020 |a 0-07-049478-9 
040 |a BIBLIOTECA-RURC/ 661 P462 
041 |a spa 
082 |a 661 P462 
100 1 |a Perry, Robert H 
100 1 |b Chilton, Cecil H. 
245 1 0 |a Manual del ingeniero químico. 
250 |a 5a.ed. 
260 |a México  |b McGraw-Hill  |c 1982 
300 |a 1161 p. :il. 
650 7 |a DATOS DE FÍSICA Y QUÍMICA 
650 7 |b  MECÁNICA DE FLUIDOS Y DE PARTÍCULAS 
650 7 |c  TRANSPORTE Y ALMACENAMIENTO DE FLUIDOS.  
942 |c BK  |2 ddc 
991 |a TEXTO 
999 |c 14570